LIBRARY ONLINE CATALOGUE

Core concepts in health / (Record no. 6710)

MARC details
000 -LEADER
fixed length control field 00947cam a22002652 4500
001 - CONTROL NUMBER
control field 0000004895
005 - DATE AND TIME OF LATEST TRANSACTION
control field 20151217151944.0
008 - FIXED-LENGTH DATA ELEMENTS--GENERAL INFORMATION
fixed length control field 070531s xx 000 0 eng d
020 ## - INTERNATIONAL STANDARD BOOK NUMBER
International Standard Book Number 0767423704 :
040 ## - CATALOGING SOURCE
Original cataloging agency KABU
Transcribing agency KABU
050 #0 - LIBRARY OF CONGRESS CALL NUMBER
Classification number RA776
Item number .C67 2002
245 10 - TITLE STATEMENT
Title Core concepts in health /
Statement of responsibility, etc. [editors] Paul M. Inset, Walton T. Roth; Kirstan Price, developmental editor.
250 ## - EDITION STATEMENT
Edition statement 9th ed.
260 ## - PUBLICATION, DISTRIBUTION, ETC. (IMPRINT)
Place of publication, distribution, etc. Boston :
Name of publisher, distributor, etc. McGraw-Hill,
Date of publication, distribution, etc. 2002.
300 ## - PHYSICAL DESCRIPTION
Extent xxix, 698, [39] p. :
Other physical details col, ill. ;
Dimensions 28 cm +
Accompanying material 1 computer optical disc (4 3/4 in.)
504 ## - BIBLIOGRAPHY, ETC. NOTE
Bibliography, etc Includes bibliographical references and index.
650 #0 - SUBJECT ADDED ENTRY--TOPICAL TERM
Topical term or geographic name as entry element Health
Form subdivision Handbooks, manuals etc.
-- 0000155817
700 1# - ADDED ENTRY--PERSONAL NAME
Personal name Inset, Paul.
-- 0000155818
700 1# - ADDED ENTRY--PERSONAL NAME
Personal name Roth, Walton T.
-- 0000150228
700 1# - ADDED ENTRY--PERSONAL NAME
Personal name Price, Kirsten.
-- 0000155819
908 ## - PUT COMMAND PARAMETER (RLIN)
Put command parameter 070531
950 ## - LOCAL HOLDINGS (RLIN)
-- 1
Holdings
Withdrawn status Lost status Source of classification or shelving scheme Not for loan Home library Current library Date acquired Total Checkouts Full call number Barcode Date last seen Price effective from Koha item type
    Library of Congress Classification   Kabarak, Main Campus Kabarak, Main Campus 17/12/2015   RA776 .C67 2002 c. 1 006620 17/12/2015 17/12/2015 General Collection
    Library of Congress Classification   Kabarak, Main Campus Kabarak, Main Campus 17/12/2015   RA776 .C67 2002 c. 2 006621 17/12/2015 17/12/2015 General Collection